Statystyki dla Europejskie Miasta z Drapaczami Chmur

Kliknij tutaj aby rozwiązać quiz!

Ogólne statystyki

  • Ten quiz został rozwiązany 170 razy
  • Średni wynik to 14 z 28

Statystyki odpowiedzi

Nazwa Miasta% Poprawnych
Warszawa
98%
Madryt
95%
Paryż
94%
Londyn
92%
Moskwa
92%
Barcelona
84%
Mediolan
74%
Kijów
73%
Sankt Petersburg
72%
Wiedeń
72%
Wrocław
64%
Stambuł
56%
Frankfurt
54%
Manchester
53%
Gdańsk
52%
Lyon
51%
Turyn
45%
Sewilla
29%
Rotterdam
28%
Monako
19%
Malmo
15%
Sarajewo
11%
Bilbao
10%
Bonn
9%
Bazylea
6%
Jekaterynburg
5%
Benidorm
3%
Mersin
0%

Rozkład punktacji

Percentyl według liczby udzielonych odpowiedzi

Procent ludzi z każdym wynikiem

Twoja historia wyników

Nie rozwiązałeś tego quizu